Hoạt tính bảo vệ gan của axit asiatic tách từ cây rau má [Centella asiatica (L.) Urban] /
保存先:
| 第一著者: | |
|---|---|
| その他の著者: | , , |
| フォーマット: | 論文 |
| 言語: | Vietnamese |
| 主題: | |
| タグ: |
タグ追加
タグなし, このレコードへの初めてのタグを付けませんか!
|
| Thư viện lưu trữ: | Thư viện Trường Đại học Đà Lạt |
|---|
| LEADER | 00947nam a2200301 4500 | ||
|---|---|---|---|
| 001 | DLU180185170 | ||
| 005 | ##20180524 | ||
| 040 | # | # | |a DLU |b vie |
| 041 | # | # | |a vie |
| 044 | # | # | |a vn |
| 100 | # | # | |a Võ Thị Quỳnh Như. |
| 245 | # | # | |a Hoạt tính bảo vệ gan của axit asiatic tách từ cây rau má [Centella asiatica (L.) Urban] / |c Võ Thị Quỳnh Như,...[và những người khác]. |
| 653 | # | # | |a Asiatic acid |
| 653 | # | # | |a Centella asiatica |
| 653 | # | # | |a Liver-protective activity |
| 700 | # | # | |a Lê Thị Thu Hà. |
| 700 | # | # | |a Trần Thị Phương Thảo. |
| 700 | # | # | |a Trần Văn Lộc. |
| 773 | # | # | |t Hóa học |g Số 5, 2016, tr. 540-541 |
| 920 | # | # | |a Phòng Tạp chí -- Trung tâm Thông tin - Thư viện Trường Đại học Đà Lạt |
| 994 | # | # | |a DLU |
| 900 | # | # | |a True |
| 911 | # | # | |a Hoàng Thị Huyền |
| 925 | # | # | |a G |
| 926 | # | # | |a A |
| 927 | # | # | |a BB |
| 980 | # | # | |a Thư viện Trường Đại học Đà Lạt |